000 00418nam a22001697a 4500
003 MACL
005 20160114172536.0
008 160114b xxu||||| |||| 00| 0 eng d
040 _cMACL
041 _aEnglish
082 _a741.642
100 _aWarerkar Dr. Chitra
_96910
245 _aThe Story Of Krishana & Arjuna
260 _aNew Delhi
_bArena Book Shop
_c2012
650 _aChildren
_932424
942 _2ddc
_cBK
999 _c52334
_d52334